000 00623nam a2200193 a 4500
005 20210219155053.0
008 050304s2002 ag r 000 0 spa d
020 _a9875380598
035 _aUPN01000137794
049 _aCG
050 4 _aL7
_bE5.4
100 1 _aEnríquez, Eugène
245 1 3 _aLa institución y las organizaciones en la educación y la formación /
_cEugène Enríquez.
260 _aBuenos Aires :
_bNovedades Educativas :
_bUniversidad de Buenos Aires,
_c2002.
300 _a165 p.
440 0 _aFormación de formadores.
_pLos documentos ;
_v12
650 4 _aSOCIEDADES EDUCATIVAS
905 _aLibro
999 _c109945
_d109945